Environmentálne dane a ich uplatnenie v SR a krajinách EÚ diplomová práca

Salvato in:
Dettagli Bibliografici
Autore principale: Majerník, Karol
Ente Autore: Podnikovohospodárska fakulta EU so sídlom v Košiciach. Katedra finančného riadenia podniku
Altri autori: Simonidesová, Jana, 1968-
Natura: Libro
Lingua:slovacco
Pubblicazione: Košice 2022
Tags: Aggiungi Tag
Nessun Tag, puoi essere il primo ad aggiungerne!!

MARC

LEADER 00000nbm a2200000 4500
001 0284821
005 20230421134657.7
041 0 |a slo 
044 |a SK 
245 1 0 |a Environmentálne dane a ich uplatnenie v SR a krajinách EÚ  |b diplomová práca  |c Karol Majerník ; školiteľ: Jana Simonidesová 
264 1 |a Košice  |c 2022 
300 |a 103 s. 
100 1 |a Majerník, Karol 
700 1 |a Simonidesová, Jana, 1968- 
710 2 |a Podnikovohospodárska fakulta EU so sídlom v Košiciach. Katedra finančného riadenia podniku